1868 1342 1732 1221 1622 1291 1268 1841 1903 1079 1583 1081 1562 1564 1810 1015 1009 1227 1875 1254 1715 1076 1711 1655 1355 1655 1573 1698 1146 1135 1947 1634 1509 1697 1310 1881 1497 1008 1874 1821 1398 1166 1211 1106 1125 1314 1393 1026 1810 1286 1674 1145 1124 1379 1817 1226 1674 1187 1257 1244 1535 1454 1507 1830 1204 1437 1283 1049 1736 1405 1627 1769 1024 1187 1248 1664 1991 1710 1598 1815 1656 1681 1834 1347 1158 1122 1384 1087 1846 1690 1707 1876 1470 1194 1125 1871 1261 1722 1281 BCNSPRNW ULIB Ver.6.0+V

เปลี่ยนเป็นภาษาไทย

Change to English
 แสดงรายละเอียดบรรณานุกรม
  กลับหน้าหลัก

Brief Record : Get Marc (ISO 2709) : E-mail record : QR code < ปิดหน้าต่าง
LEADER : 00000nam 2200000uu 4500
001    13399112099
003     ULIB
008    110726s2551||||th 000 0 tha d
020    9746459457(ล.1)
050  4 HA29.5.T5^bส719ส ล.1 2548
110 2  มหาวิทยาลัยสุโขทัยธรรมาธิราช.^bสาขาวิชาวิทยาศาสตร์สุขภาพ
245 10  เอกสารการสอนชุดวิชาสถิติและการวิจัยสำหรับวิทยาศาสตร์สุขภาพ หน่วยที่ 1-7=^bStatistics and research in health science / ^cสาขาวิชาวิทยาศาสตร์สุขภาพ มหาวิทยาลัยสุโขทัยธรรมาธิราช
246 30 สถิติและการวิจัยสำหรับวิทยาศาสตร์สุขภาพ
246 31 Statistics and research in health science
250    พิมพ์ครั้งที่ 6, ฉบับปรับปรุงครั้งที่ 2
260    นนทบุรี :^bมหาวิทยาลัยสุโขทัยธรรมาธิราช,^c2551
300    เล่ม :^bภาพประกอบ
440  0 มหาวิทยาลัยสุโขทัยธรรมาธิราช ;^vอ.50103
504    บรรณานุกรมท้ายเล่ม
505 0  สารบัญ: ล.1. หน่วยที่ 1-7-- ล.2. หน่วยที่ 8-15
650  4 สถิติศาสตร์
650  4 วิจัย
650  4 วิทยาศาสตร์การแพทย์^xวิจัย
650  4 วิทยาศาสตร์สุขภาพ^xวิจัย
650  4 สถิติและการวิจัยสำหรับวิทยาศาสตร์สุขภาพ
945    ^p0^l0^i018583
995    ทศพร
999 ^a ทศพร
รายการนี้ยังไม่มีแท็ก
คุณยังไม่ได้ล็อกอิน คุณสามารถมีกิจกรรมร่วมกับเว็บไซต์ได้ แต่ต้องล็อกอินก่อน ::
  ล็อกอิน

รายการสื่อสารสนเทศ

ลำดับที่ ประเภท เลขเรียก/บาร์โค้ด สถานที่ สถานะ
- ไม่พบข้อมูล -

รายการใกล้เคียง
    หัวเรื่อง [สถิติศาสตร์]
    หัวเรื่อง [วิจัย]
    หัวเรื่อง [สถิติและการวิจัยสำหรับวิทยาศาสตร์สุขภาพ]

BibComment


ยังไม่เคยถูกคอมเมนท์

คอมเมนท์ทรัพยากรรายการนี้
  คอมเมนท์: เอกสารการสอนชุดว..


 Copyright 2026. Bcnsprnw @Library